<?xml version="1.0" encoding="UTF-8"?>
<record
    xmlns:xsi="http://www.w3.org/2001/XMLSchema-instance"
    xsi:schemaLocation="http://www.loc.gov/MARC21/slim http://www.loc.gov/standards/marcxml/schema/MARC21slim.xsd"
    xmlns="http://www.loc.gov/MARC21/slim">

  <leader>02799nam a2200313 i 4500</leader>
  <controlfield tag="001">000014399</controlfield>
  <controlfield tag="003">DO-SdBNP</controlfield>
  <controlfield tag="005">20250206081027.0</controlfield>
  <controlfield tag="007">ta</controlfield>
  <controlfield tag="008">091211s2003    dr ao         001 e spa d</controlfield>
  <datafield tag="020" ind1=" " ind2=" ">
    <subfield code="z">070003358402031</subfield>
  </datafield>
  <datafield tag="040" ind1=" " ind2=" ">
    <subfield code="a">DO-SdBNP</subfield>
    <subfield code="b">spa</subfield>
    <subfield code="c">BNPHU</subfield>
    <subfield code="e">rda</subfield>
  </datafield>
  <datafield tag="082" ind1=" " ind2="4">
    <subfield code="a">920</subfield>
    <subfield code="b">M433r, 2003</subfield>
    <subfield code="2">22</subfield>
  </datafield>
  <datafield tag="100" ind1="1" ind2=" ">
    <subfield code="a">Matos, Libio Amaury,</subfield>
    <subfield code="e">autor</subfield>
    <subfield code="4">aut.</subfield>
    <subfield code="9">32509</subfield>
  </datafield>
  <datafield tag="245" ind1="1" ind2="3">
    <subfield code="a">El rebelde invencible Enrique Blanco /</subfield>
    <subfield code="c">Libio Amaury Matos.</subfield>
  </datafield>
  <datafield tag="250" ind1=" " ind2=" ">
    <subfield code="a">segunda edici&#xF3;n</subfield>
  </datafield>
  <datafield tag="264" ind1=" " ind2="1">
    <subfield code="a">Santo Domingo :</subfield>
    <subfield code="b">Editora Universitaria - UASD,</subfield>
    <subfield code="c">2003.</subfield>
  </datafield>
  <datafield tag="300" ind1=" " ind2=" ">
    <subfield code="a">169 p&#xE1;ginas :</subfield>
    <subfield code="b">Ilustraciones ;</subfield>
    <subfield code="c">21 cm.</subfield>
  </datafield>
  <datafield tag="336" ind1=" " ind2=" ">
    <subfield code="a">texto</subfield>
    <subfield code="b">txt</subfield>
    <subfield code="2">rdacontent</subfield>
  </datafield>
  <datafield tag="337" ind1=" " ind2=" ">
    <subfield code="a">sin mediaci&#xF3;n</subfield>
    <subfield code="b">n</subfield>
    <subfield code="2">rdamedia</subfield>
  </datafield>
  <datafield tag="338" ind1=" " ind2=" ">
    <subfield code="a">volumen</subfield>
    <subfield code="b">nc</subfield>
    <subfield code="2">rdacarrier</subfield>
  </datafield>
  <datafield tag="504" ind1=" " ind2=" ">
    <subfield code="a">Bibliograf&#xED;a : p&#xE1;ginas 165</subfield>
  </datafield>
  <datafield tag="505" ind1=" " ind2=" ">
    <subfield code="a">Introducci&#xF3;n--</subfield>
    <subfield code="g">Dedicatoria--</subfield>
    <subfield code="g">Tema I--</subfield>
    <subfield code="t">Or&#xED;genes de Enr&#xED;que Blanco--</subfield>
    <subfield code="g">Tema II--</subfield>
    <subfield code="t">Su paso por el Ej&#xE9;rcito Dominicano--</subfield>
    <subfield code="g">Tema III--</subfield>
    <subfield code="t">Deserci&#xF3;n y Fuga del Ej&#xE9;rcito de Enr&#xED;que Blanco--</subfield>
    <subfield code="t">Tema IV--</subfield>
    <subfield code="t">Relaci&#xF3;n de Enr&#xED;que Blanco con Los Polic&#xED;as Motorizados de Carretera--</subfield>
    <subfield code="g">Tema V--</subfield>
    <subfield code="t">El Choque de Enr&#xED;que Blanco con la Gaurdia de Monte Adentro--</subfield>
    <subfield code="g">Tema VI</subfield>
    <subfield code="t">El Encuentro de Enr&#xED;que Blanco y el Chivato Piro de la Rosa--</subfield>
    <subfield code="g">Tema VII--</subfield>
    <subfield code="t">Enr&#xED;que Blanco y sus Solicitudes de Pr&#xE9;stamos Personales--</subfield>
    <subfield code="g">Tema VIII--</subfield>
    <subfield code="t">El Choque entre Enr&#xED;que Blanco yn el Sargento "Mata de Coco"--</subfield>
    <subfield code="g">Tema IX--</subfield>
    <subfield code="t">El Choque entre Enrique Blanco y el Guardia Camino a Jacagua--</subfield>
    <subfield code="g">Tema X--</subfield>
    <subfield code="t">La Historia de Enr&#xED;que Blanco y el Brujo Haitiano que lo "Prepar&#xF3;"--</subfield>
    <subfield code="g">Tema XI--</subfield>
    <subfield code="t">Enr&#xED;que Blanco y sus Poderes Sobrenaturales--</subfield>
    <subfield code="g">Tema XII--</subfield>
    <subfield code="t">La historia de Enr&#xED;que Blanco y El Tamborero Batero--</subfield>
    <subfield code="g">Tema XIII--</subfield>
    <subfield code="t">La historia de Enr&#xED;que Blanco y el Alcalde Ayudante de Monte Adentro, Tamboril--</subfield>
    <subfield code="g">Tema XIV--</subfield>
    <subfield code="t">El Choque entre Enr&#xED;que Blanco y la Patrulla de Monte Adentro--</subfield>
    <subfield code="g">Tema XV--</subfield>
    <subfield code="t">La historia de Enr&#xED;que Blanco y el Alcalde de Esperanza, Mao--</subfield>
    <subfield code="g">Tema XVI--</subfield>
    <subfield code="t">La historia de Enr&#xED;que Blanco y Ram&#xF3;n Montan (a) Mon Cigarro--</subfield>
  </datafield>
  <datafield tag="505" ind1=" " ind2=" ">
    <subfield code="a">Tema XVII--

</subfield>
    <subfield code="t">La hsitoria de Enr&#xED;que Blanco y la Fiesta de El Cajuil--</subfield>
    <subfield code="g">Tema XVIII--</subfield>
    <subfield code="t">Enrique Blanco y las fiestas de Perico Ripiao realizadas en el Cibao--</subfield>
    <subfield code="g">Tema XIX.</subfield>
    <subfield code="t">El Asalto de enr&#xED;que Blanco al Cuartel de Joba, Gaspar Hern&#xE1;ndez.--</subfield>
    <subfield code="g">Tema XX--</subfield>
    <subfield code="t">Enr&#xED;que Blanco y la brigada del ej&#xE9;rcito dirigida por el Capit&#xE1;n Pedro And&#xFA;jar--</subfield>
    <subfield code="g">Tema XXI</subfield>
    <subfield code="t">Fidelidad y sacrificios de los amigos de Enr&#xED;que Blanco--</subfield>
    <subfield code="g">Tema XXII--</subfield>
    <subfield code="t">Enr&#xED;que Blanco y los campesinos delCibao, en la Rep&#xFA;blica Domincana--</subfield>
    <subfield code="g">Tema XXIII--</subfield>
    <subfield code="t">Muerte y Sepultura de Enr&#xED;que Blanco--</subfield>
    <subfield code="g">Tema XXIV--</subfield>
    <subfield code="t">Consideraciones Finales del autor--</subfield>
    <subfield code="t">Bibliograf&#xED;a--</subfield>
    <subfield code="t">Notas del autor.</subfield>
  </datafield>
  <datafield tag="590" ind1=" " ind2=" ">
    <subfield code="a">Inventariado 2024 / MF</subfield>
  </datafield>
  <datafield tag="600" ind1="1" ind2="4">
    <subfield code="a">Blanco, Enr&#xED;que,</subfield>
    <subfield code="x">1907-1936</subfield>
    <subfield code="9">32510</subfield>
  </datafield>
  <datafield tag="710" ind1="2" ind2=" ">
    <subfield code="a">Universidad Aut&#xF3;noma de Santo Domingo</subfield>
    <subfield code="9">72951</subfield>
  </datafield>
  <datafield tag="942" ind1=" " ind2=" ">
    <subfield code="2">ddc</subfield>
    <subfield code="c">LBS1</subfield>
  </datafield>
  <datafield tag="952" ind1=" " ind2=" ">
    <subfield code="0">0</subfield>
    <subfield code="1">0</subfield>
    <subfield code="2">ddc</subfield>
    <subfield code="5">6</subfield>
    <subfield code="7">0</subfield>
    <subfield code="8">DS</subfield>
    <subfield code="a">BNPHU</subfield>
    <subfield code="b">BNPHU</subfield>
    <subfield code="c">CT</subfield>
    <subfield code="d">2009-12-11</subfield>
    <subfield code="l">0</subfield>
    <subfield code="o">BNPHU DS 920 M433r 2003</subfield>
    <subfield code="p">14399-30</subfield>
    <subfield code="r">2020-06-25</subfield>
    <subfield code="t">e. 3</subfield>
    <subfield code="w">2020-06-25</subfield>
    <subfield code="y">LBS1</subfield>
    <subfield code="Z">Pr&#xE9;stamo en sala</subfield>
  </datafield>
  <datafield tag="952" ind1=" " ind2=" ">
    <subfield code="0">0</subfield>
    <subfield code="1">0</subfield>
    <subfield code="2">ddc</subfield>
    <subfield code="5">1</subfield>
    <subfield code="7">0</subfield>
    <subfield code="8">PD</subfield>
    <subfield code="a">BNPHU</subfield>
    <subfield code="b">BNPHU</subfield>
    <subfield code="c">CT</subfield>
    <subfield code="d">2009-12-11</subfield>
    <subfield code="l">0</subfield>
    <subfield code="o">BNPHU PD 920 M433r 2003</subfield>
    <subfield code="p">14399-10</subfield>
    <subfield code="r">2020-06-25</subfield>
    <subfield code="w">2020-06-25</subfield>
    <subfield code="y">LBS1</subfield>
    <subfield code="Z">No se presta</subfield>
  </datafield>
  <datafield tag="952" ind1=" " ind2=" ">
    <subfield code="0">0</subfield>
    <subfield code="1">0</subfield>
    <subfield code="2">ddc</subfield>
    <subfield code="5">1</subfield>
    <subfield code="7">0</subfield>
    <subfield code="8">PD</subfield>
    <subfield code="a">BNPHU</subfield>
    <subfield code="b">BNPHU</subfield>
    <subfield code="c">CT</subfield>
    <subfield code="d">2009-12-11</subfield>
    <subfield code="l">0</subfield>
    <subfield code="o">BNPHU PD 920 M433r 2003</subfield>
    <subfield code="p">14399-20</subfield>
    <subfield code="r">2020-06-25</subfield>
    <subfield code="t">e. 2</subfield>
    <subfield code="w">2020-06-25</subfield>
    <subfield code="y">LBS1</subfield>
    <subfield code="Z">No se presta</subfield>
  </datafield>
  <datafield tag="952" ind1=" " ind2=" ">
    <subfield code="0">0</subfield>
    <subfield code="1">0</subfield>
    <subfield code="2">ddc</subfield>
    <subfield code="5">6</subfield>
    <subfield code="7">0</subfield>
    <subfield code="8">DS</subfield>
    <subfield code="a">BNPHU</subfield>
    <subfield code="b">BNPHU</subfield>
    <subfield code="c">CT</subfield>
    <subfield code="d">2023-04-24</subfield>
    <subfield code="e">Donado por la Presidencia de la Rep&#xFA;blica Dominicana 2023.</subfield>
    <subfield code="l">0</subfield>
    <subfield code="o">BNPHU DS 920 M433r 2003</subfield>
    <subfield code="p">2024-2464</subfield>
    <subfield code="r">2024-04-24</subfield>
    <subfield code="t">e.4</subfield>
    <subfield code="w">2024-04-24</subfield>
    <subfield code="y">LBS1</subfield>
    <subfield code="z">Perteneci&#xF3; a la biblioteca personal de Emilio Cordero Michel.</subfield>
  </datafield>
  <datafield tag="952" ind1=" " ind2=" ">
    <subfield code="0">0</subfield>
    <subfield code="1">0</subfield>
    <subfield code="2">ddc</subfield>
    <subfield code="5">6</subfield>
    <subfield code="7">0</subfield>
    <subfield code="8">DS</subfield>
    <subfield code="a">BNPHU</subfield>
    <subfield code="b">BNPHU</subfield>
    <subfield code="c">CT</subfield>
    <subfield code="d">2025-02-06</subfield>
    <subfield code="e">Donado por el Consejo Nacional de Competibidad.</subfield>
    <subfield code="l">0</subfield>
    <subfield code="o">BNPHU DS 920 M433r, 2003</subfield>
    <subfield code="p">2025-0801</subfield>
    <subfield code="r">2025-02-06</subfield>
    <subfield code="t">e.5</subfield>
    <subfield code="w">2025-02-06</subfield>
    <subfield code="y">LBS1</subfield>
  </datafield>
  <datafield tag="999" ind1=" " ind2=" ">
    <subfield code="c">13990</subfield>
    <subfield code="d">13990</subfield>
  </datafield>
</record>
